03937nam a2200553 a 450000500170000000800410001702000280005802000280008604000270011404100080014104400070014908200200015624501810017626001130035730001040047049000820057450400420065650501180069850500840081650501140090050500860101450500310110050500690113150501120120050500890131250501380140150501430153950501520168250501260183450501920196050501190215250501960227150501940246750501380266150501530279965000170295265000190296965000410298865000400302965000350306965000160310465100220312070000290314270000260317170000420319770000330323970000300327271000810330220200104041755.0170405s2016 ck abd||r|||| 00| 0 spa d a9789588889986 (impreso) a9789588889993 (digital) aCO-BoIAVH cCO-BoIAVH 0 aspa ack04a597.176bL347r100aRayas de agua dulce (Potamotrygonidae) de Suramérica bParte II : Colombia, Brasil, Perú, Bolivia, Paraguay, Uruguay y Argentina / ceditado por Carlos A. Lasso [y otros 4] aBogotá (Colombia) : bInstituto de Investigación de Recursos Biológicos Alexander von Humboldt,c2016. a434 páginas : bilustraciones a color, tablas, gráficas y fotografías a color ; c25 x 17 cm.0 aSerie recursos hidrobiológicos y pesqueros continentales de Colombia ; vXV aIncluye referencias bibliográficas.0 a1. Ecofisiología de las rayas de agua dulce (Potamotrygonidae): mecanismos de interacción organismo-ambiente.0 a2. Alimentación y comportamiento depredatorio de las rayas (Potamorygonidae).0 a3. Parásitos de rayas de agua dulce (Potamotrygonidae): estado actual del conocimiento y lista de especies.0 a4. Claves para la identificación de las rayas de agua dulce (Potamotrygonidae).0 a5. Catálogo de especies.0 a6. La familia Potamotrygonidae en Argentina, Paraguay y Uruguay.0 a7. La raya gigante o raya boba, Potatrygon brochyura (Günther 1880) del río Paraná medio, Argentina..0 a8. Diversidad, uso y conservación de las rayas (Mylobatiformes: Potamotrygonidae).0 a9. Rayas del alto Paraná, Brasil: distribución histórica y actual, y consecuencias de los procesos de colonización el cuenca.0 a10. Alimentación, percepción humana y usos de Potatotrygon signata Garman, 1913 en la cuenca del río Paranaíba, noreste de Brasil.0 a11. Biología e historia natural de Potamotrygon wallacei (Carvalho, Rosa e Araújo, 2016) en la cuenca de Río Negro, Amazonia central, Brasil.0 a12. Avances en el conocimiento de Potamotrygon magdalenae (Duméril, 1865), raya dulceacuícola endémica de Colombia.0 a13. Aspectos sobre la historia natural de las rayas de agua dulce en el área de influencia de los municipios de Puerto Carreño (Vichada) e Inírida (Guainía), Orinoquia colombiana.0 a14. Diversidad de rayas de agua dulce (Potamotrygonidae) en el río Amazonas colombiano: resultados preliminares.0 a15. Estructura poblacional y diversidad genética de la raya Potamotrygon motoro (Müller y Henle, 1841) (Myliobatiformes, Potamotrygonidae) en las cuencas del Orinoco y Amazonas (Colombia)0 a16. Ensayos de producción en cautiverio de la raya motoro (Potamotrygon motoro Müller y Henle, 1841) (Potamotrygonidae) en la Fundación Orinoquia, Puerto Carreño-Vichada, Colombia.0 a17. Diversidad y conservación de las rayas (Potamotrygonidae) en Loreto - Perú: aspectos taxonómicos, ecológicos y pesqueros.0 a18. Marco normativo y comercio de las rayas de agua dulce (Potamotrygonidae) en Argentina, Paraguay y Uruguay, y nuevas consideraciones sobre CITES.26aIctiología24aConservación24aRayas de agua dulcexecofisiología26aPotamotrygonidaezAmérica del Sur24aRayasxestado del conocimiento26aTaxonomía 6aAmérica del Sur1 aLasso, Carlos A.eeditor1 aRosa, Ricardoeeditor1 aMorales-Betancourt, Mónicaeeditora1 aGarme-Neto, Domingoseeditor1 aCarvalho, Marceloeeditor2 aInstituto de Investigación de Recursos Biológicos Alexander von Humboldt